01136nab a22002177a 4500999001500000003000400015005001700019008004100036040000700077100004000084245016000124300001500284500003800299505027000337505007200607650002800679650003500707650005500742773010800797942001300905 c6260d6260OSt20260128011105.0190514b xxu||||| |||| 00| 0 spa d cPJ 96969aCutuli Grasso, Nicole Melany 10aTécnicas de reproducción humana asistida :bel nuevo paradigma que regula el Código Civil y Comercial de la Nación /cNicole Melany Cutuli Grasso.  ap. 109-114 aCita: TR LALEY AR/DOC/2504/2025.  aSumario: I. Introducción.— II. Principio de autonomía personal.— III. De los modelos.— IV. Técnicas de reproducción humana asistida.— V. Información de lxs nacidxs bajo las TRHA.— VI. Conflictos en el ámbito judicial.— VII. Palabras finales  tSi te interesa el texto, comunicate a koha@justierradelfuego.gov.ar 09967aDERECHO DE FAMILIA 091497aCODIGO CIVIL Y COMERCIAL 094292aTÉCNICAS DE REPRODUCCIÓN HUMANA ASISTIDA0 0284493222dBuenos Aires : AbeledoPerrot, 1989-tDerecho de familia. N° 122 - Noviembre 2025z18511201 2udccANA